| 000 | 00657nam a2200217 u 4500 | ||
|---|---|---|---|
| 005 | 20240831063721.0 | ||
| 008 | 081125s1995 es r 000 0 spa d | ||
| 020 | _a8439287968 | ||
| 035 | _aUPN01000168183 | ||
| 049 | _aI | ||
| 050 | 4 |
_aPZ74.9 _bP8.26 |
|
| 100 | 1 |
_aPuerto, Carlos, _d1942- _930387 |
|
| 245 | 1 | 3 |
_aEl bosque de Morlan / _cCarlos Puerto ; il. de Detrés. |
| 260 |
_aMadrid : _bGaviota, _cc1995. |
||
| 300 |
_a129 p. : _bil. col. |
||
| 440 | 0 |
_aGaviota Junior. _pLos niños del unicornio ; _v4 |
|
| 650 | 4 |
_aCuentos infantiles españoles _97725 |
|
| 650 | 4 |
_aLibros y lectura para niños _92290 |
|
| 905 | _aInfantil | ||
| 999 |
_c140290 _d140290 |
||